Sustaining and sharing economic growth in Tanzania (Record no. 287291)

000 -LEADER
fixed length control field 00296cam a22000977a 4500
008 - FIXED-LENGTH DATA ELEMENTS--GENERAL INFORMATION
fixed length control field 180718b xxu||||| |||| 00| 0 eng d
100 ## - MAIN ENTRY--PERSONAL NAME
Personal name The World Bank
245 ## - TITLE STATEMENT
Title Sustaining and sharing economic growth in Tanzania
Statement of responsibility, etc. edited by Robert J. Utz
260 ## - PUBLICATION, DISTRIBUTION, ETC.
Place of publication, distribution, etc. Washington, D.C.
Name of publisher, distributor, etc.
Date of publication, distribution, etc.
700 ## - ADDED ENTRY--PERSONAL NAME
Personal name Utz, Robert J.
Holdings
Withdrawn status Lost status Damaged status Not for loan Permanent Location Current Location Date acquired Full call number Barcode Date last seen Price effective from Koha item type
        Indian Institute of Public Administration Indian Institute of Public Administration 2008-02-19 Tooo U1 WB11608 2018-07-20 2018-07-20 WB

Powered by Koha